関東の町・村 - Statistics

General Stats
  • This quiz has been taken 50 times
  • The average score is 77 of 113
Answer Stats
Answer % Correct
大洗町
89%
小笠原村
89%
嬬恋村
86%
奥多摩町
86%
檜原村
86%
箱根町
86%
阿見町
84%
みなかみ町
84%
日の出町
84%
瑞穂町
84%
大島町
84%
大子町
81%
東海村
81%
那須町
81%
新島村
81%
二宮町
81%
ときがわ町
78%
東秩父村
78%
八丈町
78%
三宅村
78%
御蔵島村
78%
青ヶ島村
78%
湯河原町
78%
真鶴町
78%
大磯町
78%
葉山町
78%
美浦村
76%
壬生町
76%
千代田町
76%
大泉町
76%
神津島村
76%
松田町
76%
愛川町
76%
茨城町
73%
草津町
73%
長瀞町
73%
寄居町
73%
横芝光町
73%
長生村
73%
鋸南町
73%
九十九里町
73%
利島村
73%
山北町
73%
寒川町
73%
開成町
73%
中井町
73%
清川村
73%
利根町
70%
五霞町
70%
野木町
70%
上野村
70%
酒々井町
70%
境町
68%
芳賀町
68%
東吾妻町
68%
下仁田町
68%
板倉町
68%
榛東村
68%
片品村
68%
小川町
68%
大多喜町
68%
東庄町
68%
長柄町
68%
一宮町
68%
大井町
68%
城里町
65%
茂木町
65%
市貝町
65%
小鹿野町
65%
三芳町
65%
上里町
65%
伊奈町
65%
多古町
65%
長南町
65%
芝山町
65%
御宿町
65%
睦沢町
65%
八千代町
62%
中之条町
62%
長野原町
62%
神流町
62%
松伏町
62%
嵐山町
62%
川島町
62%
越生町
62%
白子町
62%
上三川町
59%
高根沢町
59%
益子町
59%
甘楽町
59%
南牧村
59%
川場村
59%
毛呂山町
59%
神崎町
59%
栄町
59%
高山村
57%
杉戸町
57%
塩谷町
54%
邑楽町
54%
吉岡町
54%
昭和村
54%
神川町
54%
横瀬町
54%
河内町
51%
宮代町
51%
吉見町
51%
明和町
49%
皆野町
49%
那珂川町
43%
玉村町
43%
鳩山町
43%
滑川町
38%
美里町
38%
No matching quizzes found
Score Distribution
Percent of People with Each Score
Percentile by Number Answered
Your Score History
You have not taken this quiz